000
00325 a2200109 4500
001
ART_10986
005
20260410161849.0
008
260409a
245
1
0
_a
Crecimiento con oferta limitada de divisas
100
1
_a
Bacha, Edmar L.
773
0
_t
Económica
_g
- Año XXIX, Nº 2/3 (may./dic. 1983)
_w
REV7541
999
_c
24829
_d
24829